| 000 | 00725nam a2200193 i 4500 | ||
|---|---|---|---|
| 001 | 77368 | ||
| 003 | ES-MaACL | ||
| 005 | 20230906173159.0 | ||
| 007 | t| | ||
| 008 | 041008s1901 sp ||||1| spa d | ||
| 100 | 1 |
_aGutiérrez de la Peña y Quiroga, Ramón. _961121 |
|
| 245 | 1 | 0 |
_aDiscurso leido / _cpor...Ramón Gutiérrez de la Peña y Quiroga. |
| 260 |
_a[s.l. : _bs.n.], _c1901 ( _fTip. de El Eco de Santiago) |
||
| 300 |
_a43 p. ; _c29 cm. |
||
| 500 | _aTema: Cuestión económica-social en nuestro tiempo. | ||
| 594 | _aPrecede al tít.: Universidad Literaria de Santiago, Curso académico de 1901 á 1902. | ||
| 710 | 2 |
_aUniversidad Literaria de Santiago de Compostela. _9135006 |
|
| 852 |
_aES-MaACL _jT-1023-F-10 |
||
| 999 |
_c77368 _d77368 |
||